书目信息 |
| 题名: |
巴黎公社史
|
|
| 作者: | 朱庭光 著 | |
| 分册: | ||
| 出版信息: | 北京 中国社会科学出版社 1982.12 |
|
| 页数: | 744页 | |
| 开本: | 21cm | |
| 丛书名: | ||
| 单 册: | ||
| 中图分类: | K142 | |
| 科图分类: | ||
| 主题词: | 世界史:近代史 | |
| 电子资源: | ||
| ISBN: | ||
| 000 | 00494nam0 2200181 45 | |
| 001 | 0312221749 | |
| 005 | 20051121093250.68 | |
| 010 | @b精装@dCNY4.00 | |
| 100 | @a20031222d1982 km y0chiy0120 ea | |
| 101 | @achi | |
| 200 | 1 | @a巴黎公社史@ABa Li Gong She Shi@f朱庭光著@FZhu Ting Guang Zhu |
| 210 | @a北京@c中国社会科学出版社@d1982.12 | |
| 215 | @a744页@c肖像@d21cm | |
| 606 | 0 | @a世界史:近代史 |
| 690 | @aK142@v3 | |
| 701 | 0 | @a朱庭光@4著 |
| 801 | @aCN@bTSTCL@c20051121 | |
| 905 | @a213230@dK142@e29 | |
| 巴黎公社史/朱庭光著.-北京:中国社会科学出版社,1982.12 |
| 744页:肖像;21cm |
| ISBN (精装):CNY4.00 |
| ● |
| 相关链接 |
|
|
|
|
正题名:巴黎公社史
索取号:K142/29
 
预约/预借
| 序号 | 登录号 | 条形码 | 馆藏地/架位号 | 状态 | 备注 |
| 1 | 0007319 | 202112668 | 第二样本阅览室/ [索取号:K142/29] | 在馆 | |
| 2 | 0087535 | 001218854 | 密集书库/ [索取号:K142/29] | 在馆 | |
| 3 | 0087536 | 001218872 | 密集书库/ [索取号:K142/29] | 在馆 | |
| 4 | 0087537 | 001218863 | 密集书库/ [索取号:K142/29] | 在馆 |